000 00560nam a2200193Ia 4500
003 GCL
008 140319s9999 xx 000 0 ara d
040 _aGCL /
_cGCL
082 0 4 _a822
_bج ع
100 1 _aطه محمود طه
245 1 0 _aالعداله /
_cطه محمود طه
700 1 _aجولزوردى، جون
700 1 _aداود حلمى السيد
300 _a182 ص
490 _aمن المسرح العالمى
_v0
650 0 4 _aالادب الانجليزى
650 0 4 _aالمسرحيات الانجليزية
942 _2ddc
_cBK
999 _c46806
_d46806